000 01082nam a2200313 i 4500
003 EG-GICUC
005 20260415173616.0
008 260415s1995 us ||||fr|||| 000 0 ara d
017 _a87/3126
040 _a EG-GICUC
_bara
_c EG-GICUC
_d EG-GICUC
_erda
041 _aara
082 0 4 _a343.4
_bت ش
_221
092 0 4 _221
099 _aLaw1 10 343.4 ت ش 1995
245 0 2 _aالتشريعات الجنائية الخاصة،
_nالجزء الأول،
_pقانون الحراسة-قانون الأحداث قانون الكسب غير المشروع.
264 0 _a[القاهرة]،
_c1995.
300 _a206صفحة ؛
_c22 سم.
336 _2rda content
_atext
337 _2rda media
_aComputer
338 _2rda carrier
_aOnline Resource
490 0 _3المحاماه
500 _aملحق تشريعات
546 _aالنص باللغة العربية
650 1 _aالتشريعات الجنائية الخاصة.
_2qrmak
651 1 _2qrmak
856 4 0 _uhttps://fll.law.cu.edu.eg/fulltext/bks/B10-09860.pdf
905 _a164
942 _2ddc
_n0
_cBK
_e21
999 _c71188
_d71188